Statistics for Northern Territory Trivia

Click here to take the quiz!

General Stats

  • This quiz has been taken 338 times
  • The average score is 12 of 20

Answer Stats

HintAnswer% Correct
Country that bombed the
above in 1942
Japan
95%
Capital cityDarwin
92%
World's largest monolithUluru
90%
What tourists cannot do to that
rock since 2017
Climb It
89%
Another name for the aboveAyers Rock
81%
Longest river - named for a queenVictoria River
79%
This covers about 75% of NTDesert
76%
Biggest inland cityAlice Springs
72%
The Ghan train route connects the
capital to this city
Adelaide
57%
People who own 49% of NT's landAboriginals
56%
Main industry of the NT economyMining
54%
Name one of the two seas
NT borders
Arafura Sea |
Timor Sea
52%
Major gulf shared by QueenslandCarpentaria
44%
Largest national park - starts with KKakadu
40%
Word for a grassy ecosystem that
covers northern parts of NT
Savanna
37%
Area that covers the coastal areas
of Northern Territory
Top {End}
34%
Much of the major settlements in
NT are located on this highway
{Stuart} Highway
30%
Animal culled in 2009Camel
29%
Tourist attraction where rocks are
over each other
{Devils} Marbles
28%
The other famous rock of NTKata Tjuta
28%

Score Distribution

Percentile by Number Answered

Percent of People with Each Score

Your Score History

You have not taken this quiz